El Juicio al sujeto: un análisis global de los movimientos sociales /
Saved in:
| Main Author: | |
|---|---|
| Other Authors: | , , |
| Format: | Unknown |
| Published: |
México D.F.:
FLACSO. Sede México. Miguel Angel Porrúa,
Grupo Editorial
|
| Subjects: | |
| Tags: |
Add Tag
No Tags, Be the first to tag this record!
|
MARC
| LEADER | 00000 a2200000 04500 | ||
|---|---|---|---|
| 001 | 19168 | ||
| 003 | |||
| 008 | 991231s d | ||
| 040 | |a CRAI/IIS |c CRAI/IIS | ||
| 090 | |a 145301 | ||
| 100 | |a Guido Béjar, Rafael | ||
| 245 | |a El Juicio al sujeto: un análisis global de los movimientos sociales / |c Rafael Guido Béjar | ||
| 260 | |a México D.F.: |b FLACSO. Sede México. Miguel Angel Porrúa, |c Grupo Editorial | ||
| 300 | |a 172 p | ||
| 650 | |a MOVIMIENTOS SOCIALES | ||
| 650 | |a SOCIEDAD CIVIL | ||
| 650 | |a VIGILANCIA AMBIENTAL | ||
| 650 | |a GESTION AMBIENTAL | ||
| 700 | |a comp | ||
| 700 | |a Fernández Reyes, Otto | ||
| 700 | |a comp | ||
| 700 | |a Torregrosa, María Luisa | ||
| 700 | |a comp | ||
| 999 | |c 17534 |d 17534 | ||
